[Event "Pamplona 9091 1st"]
[Site "Pamplona"]
[Date "1990.??.??"]
[Round "?"]
[White "Polgar, Zsuzsa"]
[Black "Todorcevic, Miodrag"]
[Result "1-0"]
[WhiteElo "2510"]
[BlackElo "2540"]
[Annotator "Polgar,Zsu"]
[PlyCount "101"]
[EventDate "1990.12.??"]
[EventType "tourn"]
[EventRounds "9"]
[EventCountry "ESP"]
[EventCategory "12"]
[Source "ChessBase"]
[SourceDate "1991.04.01"]

1. d4 {Ribli} g6 2. c4 Bg7 3. Nc3 d6 4. e4 Nc6 (4... Nd7) (4... e5 5. Nf3 Nc6 {
Illescas,M-Todorcevic,M Pamplona 1990/91.}) 5. d5 (5. Be3) 5... Nd4 6. Be3 c5 (
6... e5 7. Nge2 Nxe2 8. Bxe2 $16) 7. Nge2 (7. dxc6 Nxc6 $10) 7... Qb6 (7...
Nxe2 8. Bxe2 Nf6 9. O-O O-O 10. f4 a6 11. a4 Rb8 12. Bf3 b6 13. Qe2 e6 14. dxe6
fxe6 15. Rad1 Qe7 16. Rd3 Bb7 17. Qd2 $14 {Kishnev-Donchenko,Soviet Union 1986.
}) 8. Na4 (8. Qd2 Nf6 (8... Bg4 $6 9. f3 Bxf3 10. Na4 Qa6 11. Nxd4 cxd4 12.
Bxd4 Bxd4 13. Qxd4 Nf6 14. c5 Qa5+ 15. Nc3 dxc5 16. Qe5 Bg4 17. d6 $18 {
Timman-Suttles,Hastings 1973/74 -17/167.}) 9. f3 (9. Nxd4 cxd4 10. Bxd4 Nxe4
11. Bxb6 Nxd2 12. Nb5 $5 (12. Kxd2 $14) 12... axb6 13. Nc7+ Kd8 14. Nxa8 Bxb2
15. Rd1 Ne4 16. Bd3 Nc5 17. Nxb6 Bg4 18. f3 Bxf3 19. gxf3 Bc3+ 20. Ke2 Kc7 21.
h4 Kxb6 $44 {Farago,I-Keene,Esbjerg 1981.}) 9... Nd7 10. Na4 Qa6 11. Nxd4 Qxa4
12. Nb5 O-O 13. Bh6 $10 {Donner-Timman,Wijk aan Zee 1974 -17/168.}) (8. Nxd4
cxd4 9. Na4 Qa5+ (9... dxe3 $5 10. Nxb6 exf2+ 11. Kxf2 axb6 $44 {
Agdestein-Keene,Gausdal 1983 -45/78.}) 10. Bd2 (10. b4 Qxb4+ 11. Bd2 Qa3 12.
Bc1 Qb4+ 13. Bd2 $10) 10... Qc7 11. c5 $1 dxc5 12. Bb5+ Bd7 13. Bxd7+ Qxd7 14.
Nxc5 Qb5 15. b4 Nf6 16. a4 Qb6 17. O-O Rd8 18. Qe2 $16 {Seirawan-Keene,1982.})
8... Qa5+ (8... Qb4+ $2 9. Bd2 Qxc4 10. Nec3 Qb4 11. Nb5 $18) 9. Bd2 Qa6 (9...
Qd8 10. Bc3 e5 11. dxe6 Nxe6 12. Bxg7 Nxg7 13. Qd2 Nf6 14. f3 Be6 15. Nf4 Qe7
16. O-O-O Rd8 17. Nc3 O-O 18. g4 $14 {Gelfand-Azmayparashvili,Dortmund 1990.})
10. Nxd4 (10. Nec3 $6 {Keene-Bilek,Teeside 1972 -13/167}) 10... Bxd4 (10...
cxd4 11. c5 $16) 11. Nc3 (11. Be2 Nf6 12. Nc3 O-O 13. Qc2 Bg4 14. Bd3 Bd7 15.
O-O Ng4 16. a4 $16 {Uhlmann-Timman,Amsterdam 1975 -20/168}) (11. Qc2 Bd7 12.
Nc3 Qb6 13. Rb1 f5 14. Bd3 fxe4 15. Nxe4 Nf6 16. Ng5 {Sosonko-Chandler,
Indonesia 1982 -33/88.} (16. Nxf6+ $16)) 11... Qb6 (11... Bd7 12. Bd3 (12. a4
$14) 12... Bg7 13. f4 (13. O-O Nf6 14. Qe2 O-O 15. f4 Ne8 16. e5 $16 {Lautier,
J-Spraggett,Correze (m/6) 1989.}) 13... Nf6 14. e5 Ng8 15. Qe2 Nh6 16. h3 O-O
17. g4 $16 {Horvath,C-Kaber,R Mitropa-Cup 1990.}) (11... Nf6 12. Bd3 $14 (12.
Nb5 Nxe4 13. Nc7+ Kd8 14. Nxa6 Bxf2+ 15. Ke2 Bg4+ 16. Kd3 Bxd1 17. Kxe4 Bc2+
18. Kf3 Bd4 19. Rc1 Bf5 20. Ba5+ b6 21. Bc3 Bxc3 22. Rxc3 $13)) 12. Qb3 {N} (
12. Nb5 Bg7 $1 (12... Bxb2 $2 13. Rb1 Bg7 14. Qa4 Kf8 15. Ba5 Qa6 16. Qa3 $1 b6
17. Nc7 Qxa5+ 18. Qxa5 bxa5 19. Nxa8 $2 (19. Kd2 $1 $16) 19... Bc3+ 20. Kd1 Nf6
21. Bd3 Bb4 $10 {Polugajevskij-Ljubojevic,Reykjavik 1987 -43/50.}) 13. Qa4 Bd7
14. Ba5 Qa6 15. Nc7+ Kf8 16. Qa3 Bxb2 17. Qxb2 Qxa5+ 18. Ke2 Rc8 19. Qxh8 Rxc7
$146 {Andruet-Todorcevic,Montpellier 1989.}) (12. Bd3 $1 Qxb2 $6 13. Rb1 Qa3
14. Rb3 $16) 12... Qd8 $2 (12... Qxb3 $1 13. axb3 Bd7 $10) 13. Bd3 Bg7 14. O-O
(14. O-O-O $5) 14... Nf6 15. Rae1 (15. f4) 15... O-O 16. f4 (16. h3 $14) 16...
e6 (16... Ng4 17. Ne2 $16) 17. dxe6 (17. h3 $14) 17... fxe6 (17... Bxe6 18.
Qxb7 Rb8 19. Qxa7 Rxb2 20. Bc1 $16) 18. Qd1 (18. f5 $2 Ng4 $1 $17) (18. Rd1 Ng4
19. Ne2 Bd4+ $6 20. Nxd4 cxd4 21. h3 Nf6 22. e5 $16) 18... a6 (18... Nd7 19.
Be3 Nb8 {Nb8-c6-d4} 20. e5 $16) 19. Be3 b6 (19... Nd7 20. Bc2 Nb8 21. e5 $16) (
19... b5 20. cxb5 $16) 20. Rf2 (20. e5 dxe5 21. fxe5 Nd7 22. Rxf8+ Qxf8 23. Rf1
Qe8 24. Be4 Ra7 $13) 20... Bb7 (20... e5 $2 21. f5 gxf5 22. exf5 $16) 21. Rd2
Qc7 22. Bc2 Rad8 23. f5 gxf5 24. exf5 exf5 (24... e5 $6 25. Bg5 $16) (24... d5
$2 25. fxe6 d4 26. e7 $1 Qxe7 27. Bxd4 $16) 25. Bxf5 Kh8 26. Rf1 (26. Bf4 Ne8
27. Qh5 Bd4+) (26. Bg5 $5) 26... b5 $1 27. Nd5 $138 (27. cxb5 d5) (27. b3 $1 b4
28. Nd5 $16) 27... Nxd5 28. cxd5 Qe7 29. Re2 (29. Be6 $2 Bxd5 $1) 29... Qh4 30.
Bf2 (30. Be6 Be5) 30... Qc4 (30... Qh5 31. g4) 31. Be6 Qxa2 32. Rfe1 Qa5 33.
Bh4 Rde8 (33... Bf6 $5) 34. Bg3 c4 (34... Qc7) 35. Re4 Rf6 $6 (35... Bxb2 36.
Rh4 Qc7 37. Bxd6 Qxd6 38. Rxh7+ Kxh7 39. Qh5+ Kg7 40. Qg5+ $10) 36. Rh4 Ref8
37. h3 Rg6 $2 (37... Qc7) 38. Qc2 Rh6 (38... Rff6 $2 39. Bf7 $1 $18) 39. Rg4
Qc7 40. Kh2 Rhf6 41. Qd2 {Threatens 42.Qb4.} a5 (41... Qc5 42. Qg5 Rg6 43. Qe7
Rxg4 44. hxg4 Bxd5 45. Bxd6 Qd4 46. Bxd5 Qxd5 47. Re5 $1 $16) 42. Ree4 {To
stop b5-b4 and to bring another piece to the attack.} Ba6 (42... Bh6 43. Bh4 $1
Rxe6 44. Rxe6 Bxd2 45. Bf6+ $18) 43. Qe3 b4 (43... Bh6 44. Bh4 $1 Rxe6 45. Rxe6
Bxe3 46. Bf6+ Rxf6 47. Re8+ $18) 44. Bf5 $1 R6f7 (44... Rxf5 45. Re7 Qc5 46.
Rgxg7 Qxe3 47. Rxh7+ Kg8 48. Reg7# {Mate.}) (44... Bh6 45. Bh4 $1 Rxf5 46. Qxh6
$18) 45. Re6 $2 (45. Bxh7 $3 Kxh7 46. Re6 Qc5 (46... Rd7 47. Qe4+ Kg8 48. Rh6
Rff7 49. Qh7+ Kf8 50. Qh8+ $1 Bxh8 51. Rxh8+ Ke7 52. Bh4+ Rf6 53. Rg7# {mate})
47. Qe4+ Kg8 48. Bxd6 Qc8 49. Rh6 Qf5 50. Qxf5 Rxf5 51. Bxf8 Rxf8 52. Rxa6 $18)
45... Qa7 $2 (45... Qc5 $1 46. Qe4 $2 (46. Qxc5 $5 dxc5 47. Rxa6 Rxf5 48. Rxc4
Rxd5 49. Rxa5 Bxb2 50. Rcxc5 Rxc5 51. Rxc5 $10) (46. Qg5 $1 Qxd5 47. Bxd6 Qxf5
48. Qxf5 Rxf5 49. Bxf8 Rxf8 50. Rxa6 Bxb2 51. Rxc4 Be5+ 52. Kg1 b3 53. Rxa5 b2
54. Rb5 Ra8 55. Rcb4 Ra1+ 56. Kf2 $14) 46... Rxf5 47. Re7 (47. Bxd6 Qxd6+ $3
48. Rxd6 Be5+ $19) 47... R5f7 (47... Bxb2 48. Qxf5 $18) (47... Rf1 $1 48. Qxh7+
Kxh7 49. Rgxg7+ Kh6 50. Rh7+ Kg6 $19) 48. Rxf7 Rxf7 49. Qe8+ Rf8 50. Qe7 Rg8
51. Rxg7 $1 Rxg7 52. Qf8+ Rg8 53. Be5+ $1 $18) 46. Qe4 Bc8 (46... Rxf5 47. Re7
$18) 47. Bxd6 Rxf5 (47... Bxe6 48. dxe6 Rxf5 49. e7 $18) 48. Qxf5 $3 Rxf5 (
48... Bxe6 49. Qxe6 $18) 49. Re8+ Rf8 (49... Bf8 50. Be5+ $18) 50. Bxf8 Be5+ (
50... Bxg4 51. Bc5+ $18) 51. Kh1 {Black has no defense against 52.Bg7 mate.For
example 51...Bg4 52.Bh6 or 51... h5 52.Bg7 Kh7 53.Rh8.} 1-0

[Event "Pamplona 9091 1st"]
[Site "Pamplona"]
[Date "1990.??.??"]
[Round "?"]
[White "Yudasin, Leonid"]
[Black "Polgar, Zsuzsa"]
[Result "0-1"]
[WhiteElo "2615"]
[BlackElo "2510"]
[Annotator "Rogers,I"]
[PlyCount "82"]
[EventDate "1990.12.??"]
[EventType "tourn"]
[EventRounds "9"]
[EventCountry "ESP"]
[EventCategory "12"]
[Source "ChessBase"]
[SourceDate "1991.04.01"]

1. e4 c5 2. c3 d5 3. exd5 Qxd5 4. d4 Nc6 5. dxc5 $5 Qxc5 6. Be3 Qa5 7. Nf3 Nf6
8. Bc4 ({White's opening has not been particularly ambitious and} 8. Na3 {was
probably the only hope for a slight advantage. Now Polgar equalises easily.})
8... e6 9. O-O Be7 10. Nd4 Bd7 11. Nd2 Nxd4 12. Bxd4 Bc6 13. Re1 O-O 14. Nb3
Qg5 15. g3 Rad8 16. f4 Qh6 17. Qe2 Ne4 18. Qe3 b6 19. Rad1 Nd6 20. Bd3 Qh5 21.
Be5 $2 (21. Qe5 {was correct, since after}) (21. Be5 $2 {Black could play} Nc4
$1 22. Qf2 Qf3 $1 {leaving White in terrible trouble. However Polgar has seen
an attractive combinative possibility.}) 21... Nf5 $6 22. Qf2 Nh4 $1 23. Be2 (
23. gxh4 $2 Bxh4 24. Qe2 Bf3 {would lead to a massacre.}) 23... Nf3+ 24. Bxf3
Bxf3 25. Rxd8 Rxd8 26. h3 Bb7 27. Kh2 Rd3 28. Bd4 Qd5 $6 ({Mistakenly
believing that exchanges offer the best way forward, Polgar misses a
spectacular win with} 28... Rf3 $1 29. Qe2 Rxg3 $3 30. Kxg3 (30. Qxh5 {loses
more slowly to} Rg2+ 31. Kh1) 30... Qh4+ 31. Kh2 Qxf4+ 32. Kg1 Qg3+ 33. Kf1
Qxh3+ 34. Kg1 Bh4 {when White will be mated.}) 29. Qe2 Bf6 30. Rg1 Bxd4 31.
Nxd4 Qe4 32. Qxe4 Bxe4 33. Re1 f5 34. g4 Kf7 35. Re2 Rd1 36. Kg3 h6 37. Nf3 $4
{In time trouble, Yudasin walks into a fatal pin. Any waiting move would have
offered reasonable drawing chances, although Black has all the play.} Rd3 38.
Rf2 g5 $1 39. fxg5 hxg5 40. h4 $6 f4+ 41. Kg2 gxh4 {0-1 White cannot prevent
42...h3+, winning the White knight.} 0-1

[Event "HUN-ch rapid"]
[Site "Ajka"]
[Date "1991.??.??"]
[Round "?"]
[White "Polgar, Zsuzsa"]
[Black "Varga, Zoltan"]
[Result "1-0"]
[WhiteElo "2510"]
[BlackElo "2370"]
[Annotator "Polgar,Zsu"]
[PlyCount "43"]
[EventDate "1991.??.??"]
[EventType "game (rapid)"]
[EventRounds "1"]
[EventCountry "HUN"]
[Source "ChessBase"]
[SourceDate "1992.04.01"]

1. d4 d5 2. c4 c6 3. Nf3 Nf6 4. e3 e6 5. Nbd2 Be7 6. Bd3 O-O 7. O-O Nbd7 8. b3
b6 9. Bb2 Bb7 10. Qe2 c5 11. Rad1 Qc7 12. Ne5 Nxe5 13. dxe5 Ne4 14. cxd5 $1
exd5 (14... Nxd2 15. Rxd2 Bxd5 16. f4 $16) 15. Nxe4 dxe4 16. Bc4 Bc6 17. Qg4
Rad8 18. Rxd8 Rxd8 19. e6 f6 20. Bxf6 g6 21. Qg5 Re8 22. Qh6 {and Black
resigned because if 22...Bf6 than 23.e7 Kh8 24.Qf8 mates.} 1-0

[Event "Netherlands"]
[Site "Netherlands"]
[Date "1991.??.??"]
[Round "?"]
[White "Van der Wiel, John"]
[Black "Polgar, Zsuzsa"]
[Result "1-0"]
[WhiteElo "2530"]
[BlackElo "2510"]
[PlyCount "55"]
[EventDate "1991.??.??"]
[EventType "game"]
[EventCountry "NED"]
[Source "ChessBase"]
[SourceDate "2009.11.30"]

1. e4 e5 2. Nf3 Nc6 3. Bb5 a6 4. Ba4 Nf6 5. O-O Be7 6. Re1 b5 7. Bb3 d6 8. c3
O-O 9. h3 Na5 10. Bc2 c5 11. d4 Qc7 12. Nbd2 Rd8 13. d5 c4 14. Nf1 Nb7 15. N3h2
Re8 16. Ng3 g6 17. f4 exf4 18. Bxf4 Nd7 19. Ng4 Ne5 20. Nh6+ Kg7 21. Ngf5+ gxf5
22. exf5 Bf6 23. Qh5 Kf8 24. Ng4 Nxg4 25. hxg4 Re7 26. g5 Qc5+ 27. Kf1 Bxf5 28.
gxf6 1-0

[Event "Portoroz/Nova Gorica"]
[Site "Portoroz"]
[Date "1991.??.??"]
[Round "?"]
[White "Arlandi, Ennio"]
[Black "Polgar, Zsuzsa"]
[Result "0-1"]
[WhiteElo "2400"]
[BlackElo "2510"]
[Annotator "Ftacnik,L"]
[PlyCount "78"]
[EventDate "1991.??.??"]
[EventType "schev"]
[EventRounds "3"]
[EventCountry "SLO"]
[Source "ChessBase"]
[SourceDate "1991.10.01"]

1. d4 {Polgar,Zsu} d5 2. c4 dxc4 3. Nf3 c5 4. e4 Nf6 5. Nc3 cxd4 6. Qxd4 Qxd4
7. Nxd4 e5 8. Ndb5 Kd8 9. Be3 (9. Bg5 $2 {Polgar,Zsu} a6 10. Nd5 axb5 11. Nxf6
Bb4+ 12. Ke2 Be7 13. Rd1+ Bd7 (13... Nd7 $1) 14. Nxd7 Nxd7 15. g3 $1 Rxa2 16.
Bh3 Rxb2+ 17. Kf1 Bxg5 18. Rxd7+ Ke8 $17 {Van Wely-Polgar,Zsuzsa Amsterdam
1990.}) (9. f4 {Polgar,Zsu} a6 10. fxe5 $10) 9... Be6 10. O-O-O+ (10. Bxa7 {
Polgar,Zsu} Nbd7 11. Be3 Bb4 12. f3 Ra5 13. O-O-O (13. Kf2 Ke7 14. Be2 Rc8 15.
Rhd1 Ne8 $5 16. Nd5+ Bxd5 17. Rxd5 Rc6 18. Na7 $6 Rcc5 $3 $17 {Gurevich,D.
-Polgar,Zsuzsa Las Vegas 1986.}) 13... Ke7 14. Be2 Rc8 15. a3 Bc5 16. Bxc5+
Nxc5 $17 {Pein,M.-Polgar,Zsuzsa New York Open 1986 -41/447.}) 10... Nbd7 11.
Bxa7 Rxa7 $1 (11... Bb4 12. f3 Bxc3 13. bxc3 Ke7 14. Kb2 b6 $1 15. a4 Rhc8 16.
Be2 Ne8 17. Kc2 Nc7 $17 {Pacsay-Nemeth,Z/Balatonbereny op/1988/}) 12. Nxa7 Ng4
13. f3 (13. Rd2 Bc5 14. Nab5 Nxf2 15. Rg1 Nd3+ 16. Bxd3 Bxg1 $19) (13. Nd5 $1 {
Polgar,Zsu} Bxd5 (13... Nxf2 14. Bxc4 Bc5 15. Nb5 Nxh1 16. Rxh1 $14 {Valdes,L.}
) 14. Rxd5 $1 Bc5 15. Nb5 Nxf2 16. Rxd7+ Kc8 17. Rxf7 Ng4 18. Rc7+ Kb8 19. Rxc5
$16 {Valdes,L.}) 13... Nf2 14. Be2 Nxh1 15. Rxh1 Kc7 16. Nab5+ Kc6 17. Rd1 (17.
Na7+ Kb6 18. Nc8+ Ka6 $19) (17. Kc2 {Polgar,Zsu} Bc5 18. b3) 17... Bc5 18. Kc2
Ra8 19. g3 g5 $1 20. a4 (20. a3 Ra5) 20... Nb6 21. f4 (21. Ra1 Bb4 $17) 21...
gxf4 22. gxf4 exf4 23. Bf3 Nxa4 $1 24. e5+ Kb6 25. Nd6 (25. Nxa4+ Rxa4 26. Nd6
Bb4 27. Nxb7 $2 Bf5+ $19) 25... Nxc3 26. Kxc3 Ra4 27. Bd5 (27. Nxb7 Bb4+ 28.
Kd4 c3 29. bxc3 Bc5+ 30. Kd3 Bc4+ 31. Kc2 Ra2+ 32. Kb1 Rxh2 $19) 27... Bg4 28.
Rf1 Bb4+ 29. Kc2 (29. Kd4 c3 30. Nc4+ Kb5 31. bxc3 Bc5+ 32. Kd3 Bf5+ 33. Kd2
Ra2+ 34. Ke1 Ra1+ 35. Ke2 Rxf1 36. Kxf1 Bd3+ $19) 29... Be2 $1 30. Nxc4+ (30.
Rxf4 $4 {Polgar,Zsu} Bd3+ $19) 30... Kc5 31. Rxf4 Kxd5 32. Nb6+ Kxe5 33. Rf2
Bb5 $1 34. Nxa4 Bxa4+ 35. b3 Bc6 36. Rxf7 Be4+ 37. Kb2 h5 38. Rc7 h4 39. Rc4
Bd2 {Ftacnik,L} 0-1

[Event "Portoroz/Nova Gorica"]
[Site "Portoroz"]
[Date "1991.??.??"]
[Round "?"]
[White "Grosar, Aljosa"]
[Black "Polgar, Zsuzsa"]
[Result "0-1"]
[WhiteElo "2370"]
[BlackElo "2510"]
[Annotator "Blatny,P"]
[PlyCount "68"]
[EventDate "1991.??.??"]
[EventType "schev"]
[EventRounds "3"]
[EventCountry "SLO"]
[Source "ChessBase"]
[SourceDate "1991.10.01"]

1. e4 c5 2. Nf3 Nc6 3. d4 cxd4 4. Nxd4 g6 (4... Nf6 5. Nc3 g6 6. Nxc6 bxc6 7.
e5 Ng8 8. Bc4 Bg7 9. Qf3 e6 10. Bf4 Qa5 11. O-O Bxe5 12. b4 $1 Qc7 13. Nb5 Qb8
14. Bxe5 Qxe5 15. Rad1 d5 (15... Kf8 16. Nd6 $16) 16. Rfe1 Qb8 17. Bxd5 cxd5
18. Qxd5 Kf8 19. Qc5+ $1 $18 {Geenen-Miranda, Novi Sad(ol) 1990}) 5. Nc3 Bg7 6.
Be3 Nf6 7. Be2 O-O 8. f4 (8. O-O d5 9. exd5 Nb4 10. d6 Qxd6 11. Ncb5 Qd7 12. c4
a6 13. Qa4 Nc6 14. Rad1 Rb8 15. Nc3 Nxd4 16. Bxd4 $14) (8. Qd2 $6 d5 $1 9. exd5
(9. Nxc6 bxc6 10. e5 Ng4 11. Bxg4 Bxg4 12. f4 f6 13. exf6 Bxf6 14. Bd4 e5 $40)
9... Nxd5 10. Nxc6 (10. Nxd5 Nxd4 11. Bxd4 Qxd5 12. Bxg7 Qxg2 13. O-O-O Kxg7
14. Qe3 Qc6 $15) 10... bxc6 11. Rd1 Be6 12. Bd4 Bxd4 13. Qxd4 Qa5 14. Qa4 Qb6
15. Qa3 Rfb8 $15 {Barczay-Adorjan, Budapest 1978}) (8. Nb3 b6 9. f4 Bb7 10. Bf3
e5 11. O-O Qe7 12. g3 $14) 8... e5 $5 9. Ndb5 exf4 10. Bxf4 Ne8 11. O-O Ne5 12.
Nd5 a6 13. Nbc3 Nc7 14. Nxc7 Qxc7 15. Nd5 Qd8 16. Be3 b5 17. Bb6 Qg5 18. Bc5
Re8 19. Be3 Qd8 20. Bb6 Qg5 21. Nc7 Bb7 22. Bf3 f5 $1 23. Nxe8 Rxe8 $44 24. Qc1
(24. exf5 $142 $5 Nxf3+ 25. Rxf3 $10) 24... Nxf3+ 25. Rxf3 Qf6 26. Ba5 Rxe4 27.
Rf2 Qh4 28. Bc3 Bh6 29. Bd2 Bf8 $1 30. Be3 Bd6 31. g3 Bxg3 $1 $19 32. Rg2 (32.
hxg3 Qh1+ $3 33. Kxh1 Rh4+ 34. Kg1 Rh1#) 32... Bxh2+ 33. Kf1 Qh3 34. Qd2 Rxe3
0-1

[Event "Portoroz/Nova Gorica"]
[Site "Portoroz"]
[Date "1991.??.??"]
[Round "?"]
[White "Polgar, Zsuzsa"]
[Black "Arlandi, Ennio"]
[Result "1/2-1/2"]
[WhiteElo "2510"]
[BlackElo "2400"]
[PlyCount "78"]
[EventDate "1991.??.??"]
[EventType "schev"]
[EventRounds "3"]
[EventCountry "SLO"]
[Source "ChessBase"]
[SourceDate "1991.10.01"]

1. d4 d5 2. Nf3 e6 3. e3 Nf6 4. Bd3 Be7 5. b3 O-O 6. Bb2 b6 7. Nbd2 a5 8. a3 c5
9. Ne5 Bb7 10. Qf3 Nbd7 11. Rd1 a4 12. Qh3 h6 13. dxc5 Nxe5 14. Bxe5 axb3 15.
cxb3 bxc5 16. Bb2 c4 17. bxc4 Bxa3 18. Bxf6 Qxf6 19. cxd5 Bxd5 20. O-O Ra4 21.
e4 Bc6 22. Nc4 Bc5 23. Rc1 Rd8 24. Qg3 Qd4 25. Qc7 Bxe4 26. Bxe4 Rxc4 27. Qxd8+
Qxd8 28. Rxc4 Bf8 29. f4 g6 30. Rb1 Qd2 31. g3 Qe2 32. Ra4 Kg7 33. Kh1 h5 34.
Bg2 Qc2 35. Raa1 h4 36. Rf1 hxg3 37. hxg3 Qc3 38. Bf3 g5 39. fxg5 Kg6 1/2-1/2

[Event "San Francisco"]
[Site "San Francisco"]
[Date "1991.??.??"]
[Round "2"]
[White "Polgar, Zsuzsa"]
[Black "Christiansen, Larry Mark"]
[Result "1-0"]
[WhiteElo "2510"]
[BlackElo "2590"]
[Annotator "Rogers,I"]
[PlyCount "99"]
[EventDate "1991.03.??"]
[EventType "tourn"]
[EventRounds "11"]
[EventCountry "USA"]
[EventCategory "12"]
[Source "ChessBase"]
[SourceDate "1991.08.01"]

1. d4 Nf6 2. Nf3 e6 3. e3 c5 4. Bd3 b6 5. c4 Bb7 6. Nc3 cxd4 7. exd4 Be7 8. O-O
d5 $6 9. cxd5 Nxd5 10. Ne5 O-O 11. Qh5 Nf6 12. Qh4 Nbd7 13. Rd1 Ne4 $2 {With
natural developing moves White has already built up a promising attacking
position, leading Black to make an unwise break for freedom.} 14. Qh3 Ndf6 15.
d5 $3 {A terrific idea. Black cannot capture on d5 immediately with out losing
the knight on e4.} Nxc3 16. bxc3 Bxd5 17. Bg5 $1 ({Not, however,} 17. c4 Be4 $1
) 17... g6 18. Qh4 h6 {Christiansen is hoping for 19.Bxh6 (19.Qxh6? Ng4!) Nd7
with some confusion but Polgar has a surprise in store.} 19. Bxg6 $3 fxg6 (
19... hxg5 20. Qxg5 fxg6 21. Qxg6+ Kh8 22. Rd3 {leads to immediate disaster.})
20. Qxh6 Nh7 21. Qxg6+ Kh8 22. Bxe7 Qxe7 23. c4 $1 {The final point - due to
the threat of Rd7 Black must return the piece and remain down in material with
an exposed king.} Qh4 24. cxd5 Qxf2+ 25. Kh1 Rf6 26. Qe4 exd5 27. Qxd5 Rg8 28.
h3 Rf5 29. Rf1 {An excellent pragmatic decision - a queen is almost always
superior to two rooks in a time scramble and Christiansen was already
seriously short of time. The rest of the game is an excellent display of
winning technique by White.} Qxf1+ 30. Rxf1 Rxf1+ 31. Kh2 Rg7 32. Qd4 Rf6 33.
h4 $1 Kg8 34. g4 $1 Nf8 35. g5 Re6 36. Ng4 Rge7 37. h5 Nd7 38. g6 Ne5 39. Nh6+
Kf8 40. Qf4+ Ke8 41. Nf5 Nxg6 42. hxg6 Rxg6 43. Qb8+ Kf7 44. Nxe7 Kxe7 45.
Qxa7+ Kd8 46. a4 Kc8 47. Kh3 Rc6 48. Kg3 Rc3+ 49. Kf4 Rb3 50. Ke5 {1-0
"Perhaps the best attacking game I have ever played," said Polgar afterwards.
The tournament jury agreed and awarded her the brilliancy prize for this game.}
1-0

[Event "San Francisco"]
[Site "San Francisco"]
[Date "1991.??.??"]
[Round "6"]
[White "Polgar, Zsuzsa"]
[Black "Torre, Eugenio"]
[Result "0-1"]
[WhiteElo "2510"]
[BlackElo "2530"]
[Annotator "Ribli"]
[PlyCount "84"]
[EventDate "1991.03.??"]
[EventType "tourn"]
[EventRounds "11"]
[EventCountry "USA"]
[EventCategory "12"]
[Source "ChessBase"]
[SourceDate "1991.08.01"]

1. c4 e5 2. Nc3 Nf6 3. g3 Bb4 4. Bg2 (4. Nf3 $5) 4... O-O 5. Nf3 Re8 6. O-O c6
7. d3 (7. Qb3 Bf8 $6 8. e4 d6 9. d4 Nfd7 $2 (9... Nbd7) 10. Rd1 $14 {
Szabo-Kuprejanov  Zagreb 1964}) (7. d4 e4 8. Ne1 h6 9. Qc2 d5 10. a3 Bf8 11. b4
Bf5 $13 {Kron,V-Umansky,M  URS-sf Russia-ch Gorky 1989  CBM/16}) 7... h6 8. Ne4
$2 (8. Bd2 $5) 8... Nxe4 9. dxe4 a5 10. b3 d6 11. Bb2 Be6 12. Nh4 Bc5 13. a3
Nd7 14. e3 Nf6 15. Qd3 Qb8 $1 {/\ b5} 16. a4 Qc7 17. h3 Nd7 18. Kh2 Bb4 19. Nf5
Nc5 $15 20. Qd1 (20. Qxd6 Qxd6 21. Nxd6 Red8 $17 {/\ Nxb3}) 20... Rad8 21. g4
b5 22. Rc1 f6 23. f4 Rd7 24. Ng3 Qb6 25. Qc2 Rb8 26. Rf2 $2 exf4 $1 $17 27.
Rxf4 (27. exf4 Nxb3 $1) 27... bxc4 28. bxc4 Bd2 $1 29. Rb1 Bxe3 30. Rff1 Qb3
31. Bd4 Qxc2 32. Rxb8+ Kh7 33. Bxe3 Bxc4 34. Rf2 Qc3 35. Nf5 Nd3 36. Bd4 Qc1
37. Rf1 Qd2 38. Ba1 d5 39. Nxg7 Rxg7 40. Bxf6 Nf4 41. Rb2 Qxb2 42. Bxb2 Bxf1
0-1

[Event "San Francisco"]
[Site "San Francisco"]
[Date "1991.??.??"]
[Round "9"]
[White "Fedorowicz, John P"]
[Black "Polgar, Zsuzsa"]
[Result "1/2-1/2"]
[WhiteElo "2555"]
[BlackElo "2510"]
[PlyCount "38"]
[EventDate "1991.03.??"]
[EventType "tourn"]
[EventRounds "11"]
[EventCountry "USA"]
[EventCategory "12"]
[Source "ChessBase"]
[SourceDate "1991.08.01"]

1. e4 e5 2. Nf3 Nc6 3. Bb5 a6 4. Ba4 Nf6 5. O-O Be7 6. Re1 b5 7. Bb3 d6 8. c3
O-O 9. h3 Na5 10. Bc2 c5 11. d4 Qc7 12. a4 Bd7 13. d5 c4 14. Nbd2 Nb7 15. Qe2
Nc5 16. axb5 axb5 17. Rxa8 Rxa8 18. Nf1 Ra2 19. Ng3 g6 1/2-1/2

[Event "San Sebastian op"]
[Site "San Sebastian"]
[Date "1991.??.??"]
[Round "6"]
[White "Gomez Esteban, Juan Mario"]
[Black "Polgar, Zsuzsa"]
[Result "1/2-1/2"]
[WhiteElo "2400"]
[BlackElo "2510"]
[PlyCount "46"]
[EventDate "1991.03.??"]
[EventType "swiss"]
[EventRounds "9"]
[EventCountry "ESP"]
[Source "ChessBase"]
[SourceDate "1994.03.01"]

1. d4 f5 2. g3 Nf6 3. Bg2 g6 4. Nf3 Bg7 5. O-O O-O 6. c4 d6 7. Nc3 Nc6 8. d5
Na5 9. Qd3 e5 10. dxe6 Bxe6 11. b3 Nc6 12. Bb2 Ne4 13. Rac1 Nb4 14. Qb1 Nxc3
15. Bxc3 Bxc3 16. Rxc3 Qf6 17. Qa1 Rae8 18. a3 Nc6 19. e3 a5 20. Rd1 Bf7 21.
Qb2 Kg7 22. Nd4 Nxd4 23. Rxd4 b6 1/2-1/2

[Event "Munich SKA"]
[Site "Munich"]
[Date "1991.05.04"]
[Round "1"]
[White "Polgar, Zsuzsa"]
[Black "Yudasin, Leonid"]
[Result "1-0"]
[WhiteElo "2510"]
[BlackElo "2645"]
[Annotator "Ftacnik,L"]
[PlyCount "59"]
[EventDate "1991.05.04"]
[EventType "tourn"]
[EventRounds "13"]
[EventCountry "GER"]
[EventCategory "14"]
[Source "ChessBase"]
[SourceDate "1991.08.01"]

1. d4 {Schussler} Nf6 2. Nf3 e6 3. e3 c5 4. Bd3 Nc6 5. O-O d5 6. b3 Bd6 7. Bb2
O-O 8. a3 Qc7 (8... b6 9. Nbd2 Bb7) 9. c4 cxd4 10. exd4 e5 11. dxe5 Nxe5 12.
Nxe5 Bxe5 13. Bxe5 Qxe5 14. Nd2 Bg4 15. Re1 $1 (15. Qc2 Rfe8 $10) 15... Qd6 16.
Qc2 Rac8 17. h3 Bh5 $6 (17... Be6 18. Rad1 $14) 18. Bf5 Rc7 19. Qd3 Rd8 (19...
Bg6 $5) 20. Qd4 b6 (20... dxc4 21. Qxd6 Rxd6 22. Nxc4 Rd8 $14) 21. Re5 Re7 22.
f4 Qc7 23. Rae1 Rxe5 $4 (23... dxc4 24. Rxe7 Qxe7 25. Rxe7 Rxd4 26. Nxc4 $16 (
26. Rxa7 $2 g6 $1)) 24. fxe5 dxc4 25. exf6 $1 gxf6 26. Qxf6 (26. Qxc4 Qg3 $132)
26... c3 27. Ne4 c2 28. Qh6 Bg6 29. Nf6+ Kh8 30. Ne8 1-0